000 00771nam a22003015a 4500
001 12693185
003 LC
005 20160317141701.0
008 020305s2002 nyu 000 0 eng
010 _a 2002103245
020 _a9780553213102
035 _a(DLC) 2002103245
040 _aDLC
_cDLC
042 _apcc
050 _aPZ 7
_b.Au74 2003
082 _aFIC
_bAu7 2003
100 1 _aAusten, Jane.
_93072
245 1 0 _aPride and prejudice /
_cJane Austen.
260 _aNew York :
_bBantam Books,
_cc2003.
300 _a344 p.
_c18 cm.
562 _e1
650 _aFiction
_9746
650 _aLove stories
_917952
906 _a0
_bibc
_corignew
_d2
_eepcn
_f20
_gy-gencatlg
942 _2lcc
_cBK
999 _c10924
_d10924